<?xml version="1.0" encoding="UTF-8"?><?xml-stylesheet type="text/xsl" href="static/style.xsl"?><OAI-PMH xmlns="http://www.openarchives.org/OAI/2.0/" xmlns:xsi="http://www.w3.org/2001/XMLSchema-instance" xsi:schemaLocation="http://www.openarchives.org/OAI/2.0/ http://www.openarchives.org/OAI/2.0/OAI-PMH.xsd"><responseDate>2026-04-17T05:49:04Z</responseDate><request verb="GetRecord" identifier="oai:www.recercat.cat:2445/121152" metadataPrefix="marc">https://recercat.cat/oai/request</request><GetRecord><record><header><identifier>oai:recercat.cat:2445/121152</identifier><datestamp>2025-12-04T22:33:55Z</datestamp><setSpec>com_2072_1057</setSpec><setSpec>col_2072_478917</setSpec><setSpec>col_2072_478931</setSpec></header><metadata><record xmlns="http://www.loc.gov/MARC21/slim" xmlns:dcterms="http://purl.org/dc/terms/" xmlns:xsi="http://www.w3.org/2001/XMLSchema-instance" xmlns:doc="http://www.lyncode.com/xoai" xsi:schemaLocation="http://www.loc.gov/MARC21/slim http://www.loc.gov/standards/marcxml/schema/MARC21slim.xsd">
   <leader>00925njm 22002777a 4500</leader>
   <datafield ind2=" " ind1=" " tag="042">
      <subfield code="a">dc</subfield>
   </datafield>
   <datafield ind2=" " ind1=" " tag="720">
      <subfield code="a">Vidal Gómez, José</subfield>
      <subfield code="e">author</subfield>
   </datafield>
   <datafield ind2=" " ind1=" " tag="260">
      <subfield code="c">2018-03-27T12:15:18Z</subfield>
   </datafield>
   <datafield ind2=" " ind1=" " tag="260">
      <subfield code="c">2018-03-27T12:15:18Z</subfield>
   </datafield>
   <datafield ind2=" " ind1=" " tag="260">
      <subfield code="c">2017-06-07</subfield>
   </datafield>
   <datafield ind2=" " ind1=" " tag="260">
      <subfield code="c">2018-03-27T12:15:19Z</subfield>
   </datafield>
   <datafield ind2=" " ind1=" " tag="520">
      <subfield code="a">Los ratones de la cepa consanguínea C57Bl/6J mostraron mucha variabilidad en la respuesta de anticuerpos de clase IgG contra la seroalbúmina bovina agregada por el calor. Un análisis de conglomerados, que utilizó como distancia 1-coeﬁciente de correlación, reveló dos grupos de ratones: aquellos que produjeron una respuesta secundaria aumentada de anticuerpos, y aquellos que no la produjeron. Otro análisis de conglomerados aplicado a cada grupo anterior, y utilizando como distancia la diferencia en la concentración de anticuerpos, reveló grupos pequeños de ratones, o ratones individuales, con concentración diferente de anticuerpos antiseroalbúmina. La concentración de anticuerpos no estaba asociada con estas conductas en el campo abierto: deambulación, incorporación, aseo, o defecación, pero deambulación e incorporación estaban positivamente correlacionadas.</subfield>
   </datafield>
   <datafield tag="653" ind2=" " ind1=" ">
      <subfield code="a">Ratolins (Animals de laboratori)</subfield>
   </datafield>
   <datafield tag="653" ind2=" " ind1=" ">
      <subfield code="a">Psicobiologia</subfield>
   </datafield>
   <datafield tag="653" ind2=" " ind1=" ">
      <subfield code="a">Mice (Laboratory animals)</subfield>
   </datafield>
   <datafield tag="653" ind2=" " ind1=" ">
      <subfield code="a">Psychobiology</subfield>
   </datafield>
   <datafield ind2="0" ind1="0" tag="245">
      <subfield code="a">Individual differences in the antibody response of inbred C57Bl/6J mice and their relation to individual differences in open-ﬁeld behavior</subfield>
   </datafield>
</record></metadata></record></GetRecord></OAI-PMH>